|
|
|
|
| LEADER |
00000nam a22000007a 4500 |
| 005 |
20210421232457.0 |
| 007 |
cr|||| |||| |
| 008 |
210421s2013 br |||||s|||| 00||0 por d |
| 020 |
|
|
|a 978-85-64912-42-7
|
| 035 |
|
|
|a 33102
|
| 040 |
|
|
|a vLex
|
| 090 |
|
|
|c 11497
|d 11497
|
| 100 |
1 |
|
|a Nacur Rezende, Élcio
|
| 245 |
1 |
0 |
|a Idiossincrasias Jurd̕icas
|h [Recurso electrn̤ico] :
|b Temas contemporńeos do direito brasileiro /
|c Élcio Nacur Rezende, Rafhael Frattari
|
| 256 |
|
|
|a Servicio en ln̕ea
|
| 260 |
|
|
|a Belo Horizonte:
|b Initia Via Editora,
|c 2013
|
| 300 |
|
|
|a 1 recurso electrn̤ico
|
| 506 |
1 |
|
|a Disponible solo en los productos indicados
|d vLex Global
|d vLex Global (Academic Edition, excluding Law Schools)
|d vLex Global (U.S. Academic Edition, Law Schools)
|d vLex Global (U.S. Academic Edition, excluding Law Schools)
|d vLex Global (Academic Edition, Law Schools)
|
| 650 |
0 |
4 |
|a Derecho Civil
|z Brasil
|
| 650 |
0 |
4 |
|a Derecho Pb︢lico y Administrativo
|z Brasil
|
| 650 |
0 |
4 |
|a Derecho Procesal
|z Brasil
|
| 650 |
0 |
4 |
|a Derecho Constitucional
|z Brasil
|
| 700 |
1 |
|
|a Frattari, Rafhael
|
| 740 |
0 |
|
|a vLex Libros (Servicio en ln̕ea)
|
| 856 |
4 |
0 |
|u https://vlex.com/source/idiossincrasias-juridicas-temas-contempor-neos-direito-brasileiro-33102
|z Acceso restringido
|
| 942 |
|
|
|c BOOK
|
| 999 |
0 |
|
|a Civil Law
|
| 999 |
0 |
|
|a Public and Administrative Law
|
| 999 |
0 |
|
|a Procedural Law
|
| 999 |
0 |
|
|a Constitutional Law
|